Responses for Show #8355 - Friday, March 12, 2021

Champion's winnings & consolation amounts matched to Pancreatic Cancer Dream Team from Stand Up to Cancer.

Contestants

[<< previous game]

Keith Bednarczuk, a letter carrier from Columbus, Ohio

Michalle Gould, a librarian originally from Austin, Texas

Dave Pai, a field application scientist originally from Mechanicsburg, Pennsylvania (whose 1-day cash winnings total $28,300)

[next game >>]

Jeopardy! Round responses

6-LETTER COUNTRIES
OF POP CULTURE MICE & MEN
BUSINESS ABBREV.
THAT'S MY SECRET
CAPTAIN
I'M ALWAYS ANGRY
    $200 13
Brazil

Michalle
    $200 14
Mickey Mouse

Keith
    $200 24
an initial public offering

Dave
    $200 17
McDonald's

Dave
    $200 8
the Lusitania

Keith
    $200 2
mad

Dave
    $400 3
France

Dave
    $400 18
Itchy & Scratchy

Keith
    $400 1
accounts payable

Keith
    $400 7
(Katie: Research at Columbia University led to the name.)

the Manhattan Project

Keith
    $682 9
the Exxon Valdez

Keith
    $400 22
furious

Dave
    $600 4
Greece

Dave
    $600 25
Stuart Little

Michalle
    $600 15
the chief technical officer (chief technology officer)

Keith
    $600 19
magicians

Triple Stumper
    $600 10
Captain Phillips

Keith
    $600 23
bitter

Keith
    $800 5
Jordan

Michalle
    $800 26
(Katie: One of my childhood favorites. We're almost out of time.)

Mighty Mouse

Keith
    $800 16
unique visitors

Keith
    $800 20
Area 51

Keith
    $800 11
(Michalle: Who is Drake?)

Captain Morgan

Michalle
Triple Stumper
    $800 28
irate

Michalle
    $1000 6
Angola

Dave
    $1000 27
corporate social responsibility

Triple Stumper
    $1000 21
Skull and Bones

Michalle
    $1000 12
(Dave: Who is Dias?)

Magellan

DaveMichalle
    $1000 29
(Katie: I thought this was tough, too.)
[The end-of-round signal sounds.]

rankle

Triple Stumper

Scores at the first commercial break (after clue 16):

Dave Michalle Keith
$1,200 $1,200 $3,882

Scores at the end of the Jeopardy! Round:

Dave Michalle Keith
$2,000 $3,600 $6,482

Double Jeopardy! Round responses

ALLITERATIVE LIT
LABORATORIES
GRANT WOOD'S AMERICANA
OVERCOMING OBSTACLES
IN MY RECORD COLLECTION
BEFORE & AFTER
    $400 3
The Two Towers

Dave
    $400 14
Cornell

Keith
    $400 12
Paul Revere

Dave
    $400 15
a stutter

Michalle
    $400 19
Pink Floyd

Michalle
    $400 7
a picnic table of contents

Dave
    $800 4
Horatio

Keith
    $800 13
Fermi

Keith
    $800 8
American Gothic

Keith
    $800 22
[NOTE: Katie corrected Michalle's pronunciation.]

(Greta) Thunberg

Michalle
    $800 20
Abbey Road

Michalle
    $800 1
investment trust fall

Triple Stumper
    $1200 5
Daniel Defoe

Michalle
    $1200 28
JPL (the Jet Propulsion Laboratory)

Dave
    $1200 16
John Wayne

Michalle
    $2,000 25
Hawking

Michalle
    $1200 21
Don McLean

Keith
    $1200 2
Wrigley Field trip

Michalle
    $1600 6
napping

Keith
    $1600 29
CERN

Dave
    $2,000 17
[Time's up]
(Michalle: Who is Truman?)

Herbert Hoover

Michalle
    $1600 26
(Marlee) Matlin

Michalle
    $1600 23
(Dave: Who is Gillespie?)

Miles Davis

DaveMichalle
    $1600 9
stomping ground beef

Triple Stumper
    $2000 11
The Pickwick Papers

Michalle
    $2000 30
the Skunk Works

Keith
    $2000 18
Mason Weems

Triple Stumper
    $2000 27
(Katie: He even pitched a no-hitter.)

Jim Abbott

Triple Stumper
    $2000 24
Edith Piaf

Michalle
    $2000 10
Amazon Prime Mover

Keith

Scores at the end of the Double Jeopardy! Round:

Dave Michalle Keith
$4,400 $16,800 $16,082

[wagering suggestions for these scores]

Final Jeopardy! Round responses

HISTORIC PLACES
(Katie: [To Dave] I think you started writing Appomattox?)
...
(Katie: The correct response we were looking for is [*]. Three Civil War sites have Native American names: [*], Chickamauga, and Chattanooga.)
[NOTE: Katie mispronounced Chickamauga as "Chickamonga".]
DaveWhat is Appo
$0
KeithWhat is Monmouth
$16,080
MichalleWhat is Gettysburg
$16,700
Antietam

Final scores:

Dave Michalle Keith
$4,400 $100 $2
2-day champion: $32,700 2nd place: $2,000 3rd place: $1,000

Game dynamics:

Coryat scores:

Dave Michalle Keith
$4,400 $18,000 $15,800
12 R,
2 W
18 R
(including 1 DD),
2 W
(including 1 DD)
20 R
(including 1 DD),
0 W

Combined Coryat: $38,200

[game clues] [game scores] [suggest correction]

Game tape date: 2021-01-19
The J! Archive is created by fans, for fans. Scraping, republication, monetization, and malicious use prohibited; this site may use cookies and collect identifying information. See terms. The Jeopardy! game show and all elements thereof, including but not limited to copyright and trademark thereto, are the property of Jeopardy Productions, Inc. and are protected under law. This website is not affiliated with, sponsored by, or operated by Jeopardy Productions, Inc. Join the discussion at JBoard.tv.